000 00526nam a2200193 4500
003 DO-SdBNP
005 20171214085519.0
008 161108b1990 xxu||||| |||| 00| 0 spa d
040 _aBPMSU
_bspa
_cBPMSU
100 _aMillard, Anne
245 _aAntiguo egipto /
_bAnne Millard, ph. D.
250 _a3 era. ed.
260 _aLondon :
_bSigmar,
_c1990
300 _a44 p. :
_bil. :
_c30 cm
490 _aGrandes civilizaciones
942 _2ddc
_cBK
945 _ainventariado extranjero / DG
956 _adgarcia
_b10
999 _c11835
_d11835